000 00581nam a2200181 i 4500
001 95658
003 ES-MaACL
005 20250827063214.0
007 t|
008 050602s1972 sp ||||1| spa d
100 1 _aLlorens, Tomás,
_d1936-
_972895
245 1 0 _aEquipo Crónica /
_cpor Tomás Llorens; [versión inglesa de David Kenneth Davoré].
260 _aBarcelona :
_bGutavo Gili,
_c1972.
300 _a109 p., 1 h. con 5 lám. :
_bil. ;
_c21 cm.
700 1 _aDevoré, David Kenneth.
_944022
852 _aES-MaACL
_jC-49371
_bR.84409
999 _c95658
_d95658